Words Made From: Afghanistan - Statistics

General Stats
  • This quiz has been taken 119 times
  • The average score is 25 of 98
Answer Stats
Letters Answer % Correct
4 Fang
64%
4 Hang
64%
5 Stain
64%
5 Sting
63%
4 Gain
61%
4 Fast
57%
4 Fist
56%
5 Fangs
53%
4 Fans
53%
4 Fain
51%
4 Stag
51%
5 Gains
49%
5 Hangs
49%
4 Sing
49%
4 Tang
49%
4 Gist
47%
4 Tans
47%
6 Afghan
46%
4 Hags
44%
4 Shin
44%
5 Again
43%
5 Faint
43%
4 Thin
43%
6 Aghast
40%
4 Sang
40%
4 Fins
39%
4 Hats
37%
4 Than
37%
4 Fats
33%
4 Fits
33%
4 Hint
33%
4 Shag
31%
4 Ting
30%
4 Tins
30%
4 Ants
29%
7 Fasting
29%
4 Figs
29%
4 Nags
29%
7 Against
27%
6 Faints
27%
4 Gins
27%
4 Gnat
27%
5 Hints
27%
5 Saint
27%
5 Gnats
24%
4 Tags
24%
5 Thing
24%
4 Snag
23%
5 Thins
23%
5 Tings
23%
4 Fish
21%
4 Gash
21%
4 Hits
21%
4 Nigh
21%
4 Nits
21%
4 Anti
20%
5 Shaft
20%
6 Things
20%
4 Sign
19%
4 Gait
17%
5 Night
17%
4 This
17%
5 Angst
16%
5 Fight
14%
5 Giant
14%
6 Nights
14%
5 Satin
14%
4 Sigh
14%
5 Gaits
13%
4 Gift
13%
4 Haft
13%
6 Fights
10%
6 Giants
10%
6 Hating
10%
5 Shift
10%
5 Gifts
9%
5 Gnash
9%
4 Nana
9%
4 Sift
9%
4 Fait
7%
5 Faith
7%
4 Saga
7%
8 Shafting
7%
5 Sight
7%
4 Snit
7%
6 Ashing
4%
6 Infant
4%
6 Faiths
3%
8 Fantasia
3%
4 Inns
3%
4 Naan
3%
6 Angina
1%
4 Fiat
1%
7 Infants
1%
5 Ninth
1%
6 Sating
1%
5 Taiga
1%
7 Infanta
0%
No matching quizzes found
Score Distribution
Percent of People with Each Score
Percentile by Number Answered
Your Score History
You have not taken this quiz